000 00536nam a2200217Ia 4500
005 20250206052535.0
008 240331s9999 xx 000 0 und d
020 _a0415058546
082 _bSEI
_21171
_a305.4
100 _aSeidler, V.J
245 0 _aRecreating Sexual Politics:
_bMen, Feminism and Politics
260 _aLondon;
_aNew York
_bRoutledge
_c1991
300 _axviii, 311 p.,
650 _aFeminism
650 _aWomen
650 _aMen
650 _aMorality
650 _aPolitics
650 _aFacism
942 _cL
999 _c1695
_d1695